000 01053nam0a22003131 4500
001 rc\3581414
005 20250610040432.0
021 _aRU
_b[73-84171]
035 _a(NLR Aleph) 007678698
090 _a6514028
_c6514028
100 _a20130115d1973 |||y0rusy50 ca
101 1 _arus
_cspa
102 _aRU
105 _ay z |||a|
200 1 _aСлепые муравьи
_eРоман
_fПер. с исп. [и вступ. статья М. Былинкиной
_gИл.: В. Алешин]
210 _aМосква
_cМол. гвардия
_d1973
215 _a235 с.
_d20
300 _aНа обороте тит. л.: Ramiro Pinilla. Las ciegas hormigas
517 0 _aLas ciegas hormigas
606 _aБаски (х. л.)
_2psbo
607 _aИспания
_z20 в. (х. л.)
_2psbo
700 1 _aПинилья
_bР.
_f1923-
_gРамиро
702 1 _aБылинкина
_bМ.
_4730
_4080
702 1 _aАлешин
_bВ.
_4440
801 0 _aRU
_bNLR
_gpsbo
801 1 _aRU
_bELAR
_2rusmarc
852 _aNLR
_j73-3/7995
942 _cBOOK
980 _aNB